| 000 | 00421nam a2200157 i 4500 | ||
|---|---|---|---|
| 001 | 102228 | ||
| 003 | ES-MaACL | ||
| 005 | 20230906183051.0 | ||
| 007 | t| | ||
| 008 | 051107s1918 bo ||||1| spa d | ||
| 100 | 1 |
_aMendoza, Jaime. _980250 |
|
| 245 | 1 | 0 |
_aPáginas bárbaras _b: novela / _cJaime Mendoza. |
| 260 |
_aLa Paz (Bolivia) : _bMarnioni, _c1918. |
||
| 300 |
_a2 v. ; _c18 cm. |
||
| 852 |
_aES-MaACL _jF-2686-87 |
||
| 999 |
_c102228 _d102228 |
||